Regional Flags of Italy - Statistics

General Stats
  • This quiz has been taken 667 times
  • The average score is 12 of 20
Answer Stats
Picture Answer % Correct
Sicily
89%
Sardinia
87%
Veneto
82%
Lombardy
76%
Piedmont
64%
Marche
61%
Tuscany
61%
Umbria
58%
Lazio
56%
Aosta Valley
55%
Campania
54%
Emilia-Romagna
53%
Liguria
51%
Abruzzo
50%
Basilicata
50%
Apulia
49%
Molise
49%
Trentino-South Tyrol
48%
Calabria
46%
Friuli-Venezia Giulia
43%
No matching quizzes found
Score Distribution
Percent of People with Each Score
Percentile by Number Answered
Your Score History
You have not taken this quiz